[Event "FRA-ch Seniors"]
[Site "Chartres"]
[Date "2019.??.??"]
[Round "1"]
[White "Vareille, Francois"]
[Black "Shakessi, Hossein"]
[Result "1-0"]
[WhiteElo "2421"]
[BlackElo "1634"]
[PlyCount "43"]
[EventDate "2019.08.17"]
[EventType "swiss"]
[EventRounds "9"]
[EventCountry "FRA"]
[SourceTitle "EXT 2020"]
[Source "ChessBase"]
[SourceDate "2019.10.17"]
[SourceVersion "1"]
[SourceVersionDate "2019.10.17"]
[SourceQuality "1"]

1. d4 g6 2. e4 Bg7 3. c3 c5 4. dxc5 Qc7 5. Be3 Nf6 6. f3 0-0 7. Qd2 Nc6 8. c4 b6 9. cxb6 axb6 10. Nc3 Ba6 11. Rc1 e6 12. Nh3 d5 13. cxd5 exd5 14. Nxd5 Qe5 15. Bxa6 Nxd5 16. exd5 Nb4 17. Bc4 Rfd8 18. Nf4 b5 19. Bb3 Bh6 20. Kf2 Qxb2 21. Qxb2 Bxf4 22. Rhd1 1-0